000 01003nam0a22002411i 4500
001 rc\2297952
005 20240723235422.0
035 _a(NLR Aleph) 006568314
090 _a6917591
_c6917591
100 _a20110829d1977 |||y0rusy50 ca
101 0 _arus
102 _aRU
105 _ay d |||||
200 1 _aГумусовые профили подзолистых лесных почв Северо-Запада СССР и связи гумуса с минеральными компонентами почв
_e(На примере Ленингр. обл.)
_eАвтореф. дис. на соиск. учен. степени канд. биол. наук
_e(06.01.03)
_fЛенингр. гос. ун-т им. А.А. Жданова
210 _aЛенинград
_d1977
215 _a24 с.
700 0 _aДо динь Шам
801 0 _aRU
_bNLR
_gpsbo
801 1 _aRU
_bELAR
_2rusmarc
852 _aNLR
_j78-4/667
899 _aRuMoRGB
_jДр 357/2380
899 _aRuMoRGB
_jДр 357/2381
942 _cBOOK